ARRUPE JESUIT UNIVERSITY

CORONAVIRUS -STOP THE SPREAD - CLEAN,DISINFECT,COVER

Insight and illusion (Record no. 15522)

MARC details
000 -LEADER
fixed length control field 00599nam a2200229Ia 4500
003 - CONTROL NUMBER IDENTIFIER
control field 0100
005 - DATE AND TIME OF LATEST TRANSACTION
control field 20160215113723.0
008 - FIXED-LENGTH DATA ELEMENTS--GENERAL INFORMATION
fixed length control field 130303s9999 xx 000 0 und d
020 ## - INTERNATIONAL STANDARD BOOK NUMBER
International Standard Book Number 0195198239
040 ## - CATALOGING SOURCE
Transcribing agency ARRUPELIB
050 ## - LIBRARY OF CONGRESS CALL NUMBER
Classification number B3376.W564H24 1986
300 ## - PHYSICAL DESCRIPTION
Other physical details 341p. 23cm.
100 ## - MAIN ENTRY--PERSONAL NAME
Personal name Hacker, P. M. S
9 (RLIN) 22284
245 ## - TITLE STATEMENT
Title Insight and illusion
245 ## - TITLE STATEMENT
Remainder of title themes in the philosophy of Wittgenstein
260 ## - PUBLICATION, DISTRIBUTION, ETC. (IMPRINT)
Place of publication, distribution, etc Oxford
260 ## - PUBLICATION, DISTRIBUTION, ETC. (IMPRINT)
Name of publisher, distributor, etc Oxford University Press
300 ## - PHYSICAL DESCRIPTION
Extent xx
600 ## - SUBJECT ADDED ENTRY--PERSONAL NAME
Personal name Wittgenstein, Ludwig
9 (RLIN) 19059
650 ## - SUBJECT ADDED ENTRY--TOPICAL TERM
Topical term or geographic name as entry element Experience
9 (RLIN) 14106
942 ## - ADDED ENTRY ELEMENTS (KOHA)
Source of classification or shelving scheme Library of Congress Classification
Koha item type Monograph ( Printed materials)
Holdings
Withdrawn status Lost status Source of classification or shelving scheme Damaged status Not for loan Collection code Home library Current library Shelving location Date acquired Total Checkouts Full call number Barcode Date last seen Date checked out Copy number Price effective from Koha item type
    Library of Congress Classification     Main Collection ARRUPE LIBRARY ARRUPE LIBRARY   04/03/2013 2 B3376.W564H24 1986 46003012330 12/05/2022 29/04/2022 1 04/03/2013 Monograph ( Printed materials)
    Library of Congress Classification     Main Collection ARRUPE LIBRARY ARRUPE LIBRARY   04/03/2013   B3376.W564H24 1975 46003012360 04/03/2013   2 04/03/2013 Monograph ( Printed materials)
    Library of Congress Classification     Main Collection ARRUPE LIBRARY ARRUPE LIBRARY   04/03/2013 1 B3376.W564H24 1975 46400897 03/10/2019 18/09/2019 3 04/03/2013 Monograph ( Printed materials)

 

Arrupe Library. PO Box MP320 Mt Pleasant, Harare, Zimbabwe
263 242 745411|librarian@aju.ac.zw